[Event "FRA-chT2 0910"]
[Site "France"]
[Date "2010.01.24"]
[Round "7.7"]
[White "Nord, Antoine"]
[Black "Herrero, Alain"]
[Result "1-0"]
[WhiteElo "1954"]
[BlackElo "1776"]
[PlyCount "91"]
[EventDate "2009.09.27"]
[EventType "team"]
[EventRounds "11"]
[EventCountry "FRA"]
[SourceDate "2009.07.26"]

1. e4 c5 2. Nf3 Nc6 3. Bb5 g6 4. Bxc6 dxc6 5. h3 Bg7 6. d3 Nf6 7. Nc3 O-O 8.
Be3 b6 9. Qd2 Qc7 10. Bf4 Qb7 11. Bh6 Re8 12. Bxg7 Kxg7 13. Ne5 Nd7 14. Ng4 Qc7
15. Qh6+ Kh8 16. h4 Nf8 17. Ne3 Qe5 18. h5 Be6 19. O-O-O a5 20. hxg6 fxg6 21.
f4 Qg7 22. f5 Bg8 23. Qf4 e5 24. Qh4 Nd7 25. Rdf1 g5 26. Qh6 Nf6 27. Rf3 Qxh6
28. Rxh6 Kg7 29. Rfh3 b5 30. b3 Rad8 31. a4 b4 32. Ncd1 Rd7 33. Nb2 Ra7 34.
Nbc4 Ree7 35. Nxe5 Rxe5 36. Rxf6 Rxe4 37. dxe4 Kxf6 38. Ng4+ Ke7 39. Rh6 Rd7
40. Nf6 Rd8 41. Nxg8+ Rxg8 42. e5 g4 43. Rxh7+ Kd8 44. e6 Rg5 45. f6 Re5 46.
Rh8+ 1-0

[Event "FRA-chT2 0910"]
[Site "France"]
[Date "2010.01.24"]
[Round "7.8"]
[White "Vignette, Jeanne"]
[Black "Roger, Juliette"]
[Result "1/2-1/2"]
[WhiteElo "1568"]
[BlackElo "1593"]
[PlyCount "114"]
[EventDate "2009.09.27"]
[EventType "team"]
[EventRounds "11"]
[EventCountry "FRA"]
[SourceDate "2009.07.26"]

1. e4 c5 2. Nf3 Nc6 3. d4 cxd4 4. Nxd4 g6 5. Be3 Bg7 6. Nc3 Nf6 7. Be2 d6 8. f3
O-O 9. Qd2 Bd7 10. O-O-O a6 11. Nb3 Rc8 12. Bh6 b5 13. a3 Ne5 14. g4 Qb6 15. g5
Bxh6 16. gxh6 Nc4 17. Bxc4 bxc4 18. Na1 Rb8 19. b3 cxb3 20. Nxb3 Rfc8 21. f4
Nxe4 22. Nxe4 Qxb3 23. Qd3 Qxd3 24. Rxd3 Bf5 25. Re1 d5 26. Rxd5 Rc4 27. Re5
Kf8 28. Kd2 f6 29. Kd3 Rbc8 30. Ra5 Rxc2 31. h4 R8c6 32. h5 Rh2 33. hxg6 Bxg6
34. f5 Bf7 35. Nc5 Rxh6 36. Ne6+ Bxe6 37. Rxe6 Rxe6 38. fxe6 Rh1 39. Rxa6 Re1
40. Rc6 Re5 41. Kc4 h5 42. Kb4 h4 43. Rc4 Rxe6 44. Rxh4 Ke8 45. a4 Kd7 46. a5
Kc6 47. Rh5 Kb7 48. Rb5+ Ka6 49. Rc5 Rd6 50. Rc7 Re6 51. Rc5 Re1 52. Rc6+ Kb7
53. Rb6+ Ka7 54. Rc6 Rb1+ 55. Ka4 Kb7 56. Re6 f5 57. Rxe7+ Ka6 1/2-1/2

[Event "FRA-chT2 0910"]
[Site "France"]
[Date "2010.01.24"]
[Round "7.1"]
[White "Ducret, Thomas"]
[Black "Van Elst, Andreas"]
[Result "0-1"]
[WhiteElo "2197"]
[BlackElo "2280"]
[PlyCount "66"]
[EventDate "2009.09.27"]
[EventType "team"]
[EventRounds "11"]
[EventCountry "FRA"]
[SourceDate "2009.07.26"]

1. Nf3 Nf6 2. c4 g6 3. Nc3 Bg7 4. e4 d6 5. d4 O-O 6. Be2 Nbd7 7. O-O e5 8. d5
Nc5 9. Qc2 a5 10. Bg5 h6 11. Be3 Ne8 12. Nd2 f5 13. f3 f4 14. Bf2 h5 15. a3 g5
16. b4 Na6 17. c5 g4 18. Kh1 g3 19. Bxa6 Qh4 20. Bg1 Rxa6 21. b5 Ra8 22. b6
cxb6 23. cxb6 Bd7 24. Qd3 Rf6 25. Nc4 Rg6 26. Ra2 Qd8 27. a4 h4 28. h3 Qc8 29.
Rc1 Bxh3 30. Qf1 Bxg2+ 31. Rxg2 h3 32. Nb5 hxg2+ 33. Kxg2 Rh6 0-1

[Event "FRA-chT2 0910"]
[Site "France"]
[Date "2010.01.24"]
[Round "7.2"]
[White "Pasquier, Thomas"]
[Black "Relea, Nicolas"]
[Result "1-0"]
[WhiteElo "2288"]
[BlackElo "2188"]
[PlyCount "115"]
[EventDate "2009.09.27"]
[EventType "team"]
[EventRounds "11"]
[EventCountry "FRA"]
[SourceDate "2009.07.26"]

1. d4 Nf6 2. c4 e6 3. Nf3 b6 4. Bg5 Be7 5. Nc3 Bb7 6. e3 O-O 7. Qc2 d5 8. O-O-O
Nbd7 9. Ne5 Rc8 10. cxd5 exd5 11. Kb1 c5 12. Nxd7 Nxd7 13. Bxe7 Qxe7 14. Bd3
Nf6 15. Bf5 Rc6 16. Rhe1 g6 17. Bh3 Re8 18. Qa4 a6 19. dxc5 Rxc5 20. Rd4 b5 21.
Qa5 Rc4 22. Ne2 Rxd4 23. Nxd4 Qe4+ 24. Ka1 g5 25. f3 Qe5 26. a3 g4 27. Bxg4
Nxg4 28. fxg4 Qd6 29. h3 Qc5 30. Qc3 Qf8 31. Nf5 Bc8 32. Nd4 Be6 33. Qb4 Qg7
34. Qd6 a5 35. Nxb5 d4 36. exd4 Qg5 37. Qe5 Qd2 38. Qe2 Qxe2 39. Rxe2 Rb8 40.
Nc3 Bc4 41. Re1 Rd8 42. d5 Kg7 43. h4 Kg6 44. g3 Bb3 45. Re3 h5 46. Ne2 a4 47.
Nf4+ Kh6 48. g5+ Kh7 49. Nxh5 Kg6 50. Nf4+ Kf5 51. Kb1 Rc8 52. Rc3 Re8 53. Kc1
Re1+ 54. Kd2 Rb1 55. Rc5 Kg4 56. Nd3 Kxg3 57. d6 Be6 58. Rc1 1-0

[Event "FRA-chT2 0910"]
[Site "France"]
[Date "2010.01.24"]
[Round "7.3"]
[White "Dezaele, Christophe"]
[Black "Luminais, Eric"]
[Result "0-1"]
[WhiteElo "2136"]
[BlackElo "2206"]
[PlyCount "60"]
[EventDate "2009.09.27"]
[EventType "team"]
[EventRounds "11"]
[EventCountry "FRA"]
[SourceDate "2009.07.26"]

1. d4 d5 2. Nf3 e6 3. g3 Nf6 4. Bg2 Be7 5. O-O O-O 6. c4 Nbd7 7. Qc2 c5 8. b3
b6 9. Bb2 Bb7 10. cxd5 Nxd5 11. dxc5 Bxc5 12. Nbd2 Rc8 13. Qe4 Qe7 14. Qg4 f5
15. Qh5 N7f6 16. Qh4 Ba6 17. Nc4 b5 18. Nce5 b4 19. Nc4 Nc3 20. Rfe1 Bxc4 21.
bxc4 e5 22. Bh3 e4 23. Bxf5 exf3 24. exf3 Bxf2+ 25. Kf1 Bxe1 26. Rxe1 Qb7 27.
Kf2 Rcd8 28. Bc1 Rd1 29. Bxh7+ Nxh7 30. Re7 Qxf3# 0-1

[Event "FRA-chT2 0910"]
[Site "France"]
[Date "2010.01.24"]
[Round "7.4"]
[White "Entem, Alan"]
[Black "Delpech, Frederic"]
[Result "1/2-1/2"]
[WhiteElo "2138"]
[BlackElo "2149"]
[PlyCount "96"]
[EventDate "2009.09.27"]
[EventType "team"]
[EventRounds "11"]
[EventCountry "FRA"]
[SourceDate "2009.07.26"]

1. e4 c5 2. Nf3 d6 3. d4 cxd4 4. Nxd4 Nf6 5. Nc3 a6 6. Be3 e6 7. f3 b5 8. Qd2
Bb7 9. O-O-O Nbd7 10. g4 Nb6 11. Qf2 Nfd7 12. Bd3 Rc8 13. Nce2 e5 14. Nf5 g6
15. Nfg3 Qc7 16. Kb1 Nc5 17. Rc1 Nba4 18. b3 Qa5 19. bxa4 Nxa4 20. Qe1 b4 21.
Ka1 d5 22. Rb1 d4 23. Bd2 Nc3 24. Bxc3 dxc3 25. Nc1 Bh6 26. Nb3 Qb6 27. h4 Be3
28. Nf1 Bf4 29. Nc1 O-O 30. Ne2 Bh6 31. g5 Bg7 32. h5 Rfd8 33. hxg6 hxg6 34.
Nc1 a5 35. Ne3 a4 36. Nc4 Qc5 37. Qe3 Rd4 38. Re1 Bf8 39. Qg1 Rxc4 40. Bxc4
Qxc4 41. Qb6 Bc6 42. Nd3 b3 43. axb3 axb3 44. Rxb3 Ra8+ 45. Kb1 Qa4 46. Kc1 Ra6
47. Qb8 Ra8 48. Qb6 Ra6 1/2-1/2

[Event "FRA-chT2 0910"]
[Site "France"]
[Date "2010.01.24"]
[Round "7.5"]
[White "Bedue, Julien"]
[Black "Planell, Eric"]
[Result "0-1"]
[WhiteElo "2086"]
[BlackElo "2171"]
[PlyCount "119"]
[EventDate "2009.09.27"]
[EventType "team"]
[EventRounds "11"]
[EventCountry "FRA"]
[SourceDate "2009.07.26"]

1. d4 c5 2. e3 e6 3. Nf3 b6 4. Be2 Bb7 5. O-O Nf6 6. c4 d6 7. Nc3 Nbd7 8. b3
Be7 9. Bb2 O-O 10. Qc2 Rc8 11. Rfd1 Qc7 12. Rac1 Rfd8 13. Qb1 Qb8 14. Rd2 Qa8
15. Ne1 Ne4 16. Nxe4 Bxe4 17. Bd3 Nf6 18. f3 Bxd3 19. Nxd3 cxd4 20. Bxd4 e5 21.
Bc3 e4 22. Nf4 exf3 23. Nd5 Nxd5 24. Rxd5 fxg2 25. Rc2 Rc5 26. Rxg2 g6 27. Qe4
Rxd5 28. cxd5 Qb7 29. h4 Rc8 30. Bd4 Bf8 31. h5 Rc1+ 32. Kh2 Qe7 33. Qg4 Bg7
34. hxg6 Be5+ 35. Bxe5 Qxe5+ 36. Qf4 Qxf4+ 37. exf4 hxg6 38. Rd2 Rc3 39. Kg2
Kg7 40. Re2 Kf6 41. Re8 Rc2+ 42. Kf3 Rxa2 43. Rd8 Ra3 44. Ke4 Rxb3 45. Rxd6+
Ke7 46. Rc6 Rb4+ 47. Ke3 a5 48. d6+ Ke6 49. Rc7 Rb3+ 50. Kd4 Rb4+ 51. Ke3 Kxd6
52. Rxf7 Ke6 53. Rg7 Kf6 54. Rg8 Rc4 55. Rf8+ Ke7 56. Rg8 Rc6 57. Kd4 Kf7 58.
Ra8 Ke6 59. Ke4 Rc4+ 60. Ke3 {suite illisible} 0-1

[Event "FRA-chT2 0910"]
[Site "France"]
[Date "2010.01.24"]
[Round "7.6"]
[White "Rodriguez, Angel"]
[Black "Vandervorst, Jean Marc"]
[Result "1-0"]
[WhiteElo "2079"]
[BlackElo "2035"]
[PlyCount "45"]
[EventDate "2009.09.27"]
[EventType "team"]
[EventRounds "11"]
[EventCountry "FRA"]
[SourceDate "2009.07.26"]

1. f4 d6 2. Nf3 c6 3. e4 g6 4. d4 Bg7 5. Bd3 Qb6 6. c3 Nd7 7. a4 e5 8. a5 Qc7
9. O-O Ne7 10. fxe5 dxe5 11. Bg5 Qd6 12. Na3 exd4 13. Nc4 Qe6 14. Nxd4 Bxd4+
15. cxd4 h6 16. Bf4 g5 17. Nd6+ Kf8 18. Bg3 Rh7 19. Bc4 Qg6 20. Bxf7 Rxf7 21.
Rxf7+ Qxf7 22. Nxf7 Kxf7 23. Qf3+ 1-0

[Event "FRA-chT2 0910"]
[Site "France"]
[Date "2010.01.24"]
[Round "7.7"]
[White "Cwiek, Perrine"]
[Black "Muratet, Lucas"]
[Result "1-0"]
[WhiteElo "1811"]
[BlackElo "1959"]
[PlyCount "59"]
[EventDate "2009.09.27"]
[EventType "team"]
[EventRounds "11"]
[EventCountry "FRA"]
[SourceDate "2009.07.26"]

1. e4 c5 2. Nf3 d6 3. Bb5+ Nd7 4. c3 Ngf6 5. d3 a6 6. Ba4 g6 7. O-O Bg7 8. Re1
b5 9. Bc2 O-O 10. d4 e6 11. Be3 Bb7 12. Nbd2 Rc8 13. a4 h6 14. h3 Qc7 15. Bd3
Bc6 16. Qe2 Qb7 17. Bf4 e5 18. Bh2 exd4 19. cxd4 Rfe8 20. Bxd6 Re6 21. dxc5
Rce8 22. Nd4 Rxe4 23. Nxe4 Nxe4 24. Nxc6 Nxd6 25. Qf3 Rxe1+ 26. Rxe1 Nxc5 27.
Re7 Qc8 28. Bxg6 fxg6 29. Qd5+ Kh7 30. Qxd6 1-0

[Event "FRA-chT2 0910"]
[Site "France"]
[Date "2010.01.24"]
[Round "7.8"]
[White "Pelletier, Rachel"]
[Black "Massery, Renaud"]
[Result "1-0"]
[WhiteElo "1776"]
[BlackElo "1460"]
[PlyCount "90"]
[EventDate "2009.09.27"]
[EventType "team"]
[EventRounds "11"]
[EventCountry "FRA"]
[SourceDate "2009.07.26"]

1. c4 e5 2. Nc3 Nf6 3. Nf3 Nc6 4. g3 Bc5 5. Bg2 O-O 6. O-O Re8 7. a3 a5 8. e3
d6 9. Qc2 Ne7 10. d4 exd4 11. Nxd4 Bxd4 12. exd4 Bf5 13. Qd1 c6 14. Bg5 Nd7 15.
Re1 f6 16. Bf4 Nf8 17. g4 Bg6 18. Qd2 Qd7 19. h3 Rad8 20. d5 Bf7 21. Re3 Nfg6
22. Bg3 Ne5 23. b3 g5 24. Ree1 Nc8 25. Qd4 c5 26. Qd2 Na7 27. a4 b6 28. Re2 Nc8
29. Ne4 Qe7 30. f4 gxf4 31. Bxf4 Rd7 32. Bg3 Bg6 33. Bh4 Bxe4 34. Rxe4 Qg7 35.
Rf1 Rf8 36. Ref4 Rdf7 37. R4f2 Ng6 38. Bg3 Ne5 39. Be4 Ng6 40. Bf5 Rc7 41. Be6+
Kh8 42. Bxc8 Rcxc8 43. Bxd6 Rfe8 44. Rxf6 Rcd8 45. Qg2 Qg8 1-0

[Event "FRA-chT2 0910"]
[Site "France"]
[Date "2010.01.24"]
[Round "7.1"]
[White "Franca, Ricardo Bedin"]
[Black "Favarel, Julien"]
[Result "1-0"]
[WhiteElo "2327"]
[BlackElo "2302"]
[PlyCount "71"]
[EventDate "2009.09.27"]
[EventType "team"]
[EventRounds "11"]
[EventCountry "FRA"]
[SourceDate "2009.07.26"]

1. e4 c5 2. Nf3 Nc6 3. d4 cxd4 4. Nxd4 Nf6 5. Nc3 e5 6. Ndb5 d6 7. Nd5 Nxd5 8.
exd5 Nb8 9. c4 Be7 10. Be2 O-O 11. O-O a6 12. Nc3 Nd7 13. Kh1 f5 14. f3 a5 15.
Rb1 Nc5 16. Be3 b6 17. b3 Bd7 18. a3 a4 19. b4 Nb3 20. Bd3 Rc8 21. b5 Nc5 22.
Nxa4 Ra8 23. Nxc5 dxc5 24. a4 g5 25. Ra1 Bd6 26. Qd2 f4 27. Bg1 Ra5 28. Qc2 Qe7
29. Bf2 h5 30. Be1 Raa8 31. a5 bxa5 32. Bxa5 g4 33. Bc3 g3 34. h3 Qh4 35. Rxa8
Rxa8 36. Bf5 1-0

[Event "FRA-chT2 0910"]
[Site "France"]
[Date "2010.01.24"]
[Round "7.2"]
[White "Grizou, Regis"]
[Black "Iwanesko, Alexandre"]
[Result "1/2-1/2"]
[WhiteElo "2194"]
[BlackElo "2213"]
[PlyCount "94"]
[EventDate "2009.09.27"]
[EventType "team"]
[EventRounds "11"]
[EventCountry "FRA"]
[SourceDate "2009.07.26"]

1. d4 Nf6 2. Nf3 c5 3. e3 g6 4. c4 Bg7 5. Nc3 O-O 6. dxc5 Na6 7. Be2 Nxc5 8.
O-O d6 9. Nd4 Bd7 10. b4 Ne6 11. Bb2 Rc8 12. Rc1 a6 13. Qd2 Nxd4 14. exd4 Qb6
15. a3 Rfd8 16. Rcd1 a5 17. b5 Qc7 18. h3 b6 19. Rc1 d5 20. cxd5 Qd6 21. Bf3
Rc4 22. Rfe1 Rdc8 23. Qe2 Qc7 24. Qe5 e6 25. Be2 Nxd5 26. Qxc7 R4xc7 27. Nxd5
Rxc1 28. Ne7+ Kf8 29. Nxg6+ hxg6 30. Rxc1 Rxc1+ 31. Bxc1 Bxd4 32. a4 f5 33.
Ba3+ Kg7 34. Kf1 e5 35. Bc4 e4 36. Ke2 Kf6 37. Bf8 g5 38. g3 f4 39. gxf4 gxf4
40. f3 Bxh3 41. fxe4 Bg4+ 42. Kd3 Bg1 43. Bd6 f3 44. e5+ Kg6 45. Ke4 f2 46. Bf1
Bd1 47. Be7 Bxa4 1/2-1/2

[Event "FRA-chT2 0910"]
[Site "France"]
[Date "2010.01.24"]
[Round "7.3"]
[White "Bedos, Michel"]
[Black "Fantinel, Thibault"]
[Result "0-1"]
[WhiteElo "2272"]
[BlackElo "2174"]
[PlyCount "130"]
[EventDate "2009.09.27"]
[EventType "team"]
[EventRounds "11"]
[EventCountry "FRA"]
[SourceDate "2009.07.26"]

1. d4 Nf6 2. Bg5 Ne4 3. Bf4 e6 4. f3 Bd6 5. Bxd6 Nxd6 6. e4 f5 7. Nc3 O-O 8. e5
Nf7 9. f4 c5 10. dxc5 Qa5 11. Nf3 Nc6 12. Qd2 Qxc5 13. O-O-O a6 14. Na4 Qa7 15.
Qc3 b5 16. Nc5 Ne7 17. Qd4 Nd5 18. g3 Nd8 19. Nb3 Nc6 20. Qxa7 Rxa7 21. Re1 Rc7
22. Kb1 Bb7 23. Bg2 Ncb4 24. Nbd4 Rfc8 25. Re2 Nb6 26. Ne1 Bxg2 27. Rxg2 Nc4
28. c3 Nd5 29. Nec2 Kf7 30. h3 Rg8 31. Rf2 Ke7 32. g4 g6 33. Rd1 Rf8 34. gxf5
gxf5 35. Rg1 Rcc8 36. Ne2 Rg8 37. Rfg2 Kf7 38. Rxg8 Rxg8 39. Rxg8 Kxg8 40. b3
Nd2+ 41. Kc1 Ne4 42. c4 bxc4 43. bxc4 Ndc3 44. Nxc3 Nxc3 45. Kd2 Nxa2 46. c5
Kf7 47. h4 Ke7 48. h5 Kf7 49. h6 a5 50. Na3 Nb4 51. Nc4 Na6 52. c6 dxc6 53.
Nxa5 c5 54. Nb7 Kg6 55. Kd3 Kxh6 56. Kc4 Kg6 57. Nd8 Nc7 58. Kxc5 h5 59. Kd6 h4
60. Nxe6 Nxe6 61. Kxe6 h3 62. Kd7 h2 63. e6 h1=Q 64. e7 Qd5+ 65. Ke8 Kf6 0-1

[Event "FRA-chT2 0910"]
[Site "France"]
[Date "2010.01.24"]
[Round "7.4"]
[White "Marciniak, Alexandre"]
[Black "Gachon, Lionel"]
[Result "1-0"]
[WhiteElo "2147"]
[BlackElo "2294"]
[PlyCount "67"]
[EventDate "2009.09.27"]
[EventType "team"]
[EventRounds "11"]
[EventCountry "FRA"]
[SourceDate "2009.07.26"]

1. e4 b6 2. d4 Bb7 3. Bd3 g6 4. f4 f5 5. Nc3 Nf6 6. Qe2 Nc6 7. Nf3 Nb4 8. exf5
Nxd3+ 9. Qxd3 gxf5 10. Qxf5 Rg8 11. Qh3 e6 12. Bd2 Qe7 13. O-O-O O-O-O 14. Rhg1
Qg7 15. Rdf1 Bb4 16. Nb1 Bd6 17. Nc3 Bb4 18. Nb1 Be7 19. Nc3 c5 20. f5 Ba6 21.
Re1 cxd4 22. Nxd4 Bc5 23. Ncb5 e5 24. Rxe5 Ng4 25. Rxc5+ bxc5 26. Qa3 Bxb5 27.
Nxb5 d6 28. Nxa7+ Kb7 29. Nb5 Ra8 30. Nxd6+ Kc6 31. Qf3+ Kxd6 32. Bf4+ Ke7 33.
Re1+ Kf6 34. Re6+ 1-0

[Event "FRA-chT2 0910"]
[Site "France"]
[Date "2010.01.24"]
[Round "7.5"]
[White "Sanchez, Nicolas"]
[Black "Le Hetet, Nicolas"]
[Result "0-1"]
[WhiteElo "2151"]
[BlackElo "2150"]
[PlyCount "62"]
[EventDate "2009.09.27"]
[EventType "team"]
[EventRounds "11"]
[EventCountry "FRA"]
[SourceDate "2009.07.26"]

1. d4 d5 2. c4 c6 3. Nc3 Nf6 4. Nf3 e6 5. Bg5 dxc4 6. e4 b5 7. a4 Bb4 8. e5 h6
9. exf6 hxg5 10. fxg7 Rg8 11. h4 g4 12. Ne5 Rxg7 13. Be2 Bb7 14. Bxg4 Nd7 15.
Bf3 Qc7 16. Nxd7 Qxd7 17. Kf1 a6 18. h5 O-O-O 19. h6 Rh7 20. axb5 cxb5 21. d5
Qe7 22. Rh5 Bxc3 23. bxc3 exd5 24. Qd4 Qd6 25. Qh4 Rdh8 26. Re1 Rxh6 27. Rxh6
Rxh6 28. Re8+ Kc7 29. Qd4 Re6 30. Rh8 Qe5 31. Qc5+ Kd7 0-1

[Event "FRA-chT2 0910"]
[Site "France"]
[Date "2010.01.24"]
[Round "7.6"]
[White "Marciniak, Gerard"]
[Black "Daloz, Jean Michel"]
[Result "1/2-1/2"]
[WhiteElo "2125"]
[BlackElo "2164"]
[PlyCount "109"]
[EventDate "2009.09.27"]
[EventType "team"]
[EventRounds "11"]
[EventCountry "FRA"]
[SourceDate "2009.07.26"]

1. d4 Nf6 2. c4 e6 3. Nc3 Bb4 4. Qc2 c5 5. dxc5 Bxc5 6. Nf3 Qb6 7. e3 Be7 8.
Be2 d6 9. O-O Nbd7 10. b3 a6 11. Rd1 Qc7 12. Ba3 b6 13. Nd4 Bb7 14. Rac1 O-O
15. Rd2 Rac8 16. Qd1 Rfe8 17. Bf3 Bf8 18. Bxb7 Qxb7 19. Qf3 Qxf3 20. gxf3 Rc7
21. Ne4 Nxe4 22. fxe4 Nc5 23. Bxc5 Rxc5 24. Rcd1 Rec8 25. a4 Rg5+ 26. Kf1 Re5
27. f3 g6 28. Kf2 Rh5 29. Kg3 d5 30. exd5 exd5 31. cxd5 Rxd5 32. Ne2 Rg5+ 33.
Kf2 Rh5 34. Kg2 Kg7 35. Ng3 Re5 36. Kf2 Bb4 37. Re2 Rc3 38. Rb1 f5 39. f4 Re7
40. e4 fxe4 41. Nxe4 Rh3 42. Kg2 Rd3 43. Rbb2 Ba3 44. Ng5 Rxe2+ 45. Rxe2 Rxb3
46. Re6 a5 47. Rc6 h6 48. Rc7+ Kf8 49. Ne6+ Ke8 50. Ng7+ Kd8 51. Ne6+ Ke8 52.
Ng7+ Kf8 53. Ne6+ Ke8 54. Ng7+ Kf8 55. Ne6+ 1/2-1/2

[Event "FRA-chT2 0910"]
[Site "France"]
[Date "2010.01.24"]
[Round "7.7"]
[White "Bolon, Karelle"]
[Black "Zaninetti, Laurent"]
[Result "1/2-1/2"]
[WhiteElo "2117"]
[BlackElo "1996"]
[PlyCount "94"]
[EventDate "2009.09.27"]
[EventType "team"]
[EventRounds "11"]
[EventCountry "FRA"]
[SourceDate "2009.07.26"]

1. d4 e6 2. Nf3 Nf6 3. a3 d5 4. Bf4 c5 5. e3 Nc6 6. c3 Be7 7. Nbd2 Nh5 8. Bg3
Nxg3 9. hxg3 Qb6 10. Qc2 g6 11. Be2 cxd4 12. exd4 Bf6 13. Bd3 Bd7 14. Rh2 Qc7
15. O-O-O O-O-O 16. Rhh1 Kb8 17. Rde1 h5 18. Re2 Rhe8 19. Rhe1 e5 20. dxe5 Nxe5
21. Nxe5 Rxe5 22. Rxe5 Bxe5 23. Nf3 Bf6 24. Kb1 Re8 25. Rxe8+ Bxe8 26. Qb3 Qc5
27. Qb4 Qxb4 28. axb4 Kc7 29. Kc2 Kd6 30. Kd2 Ba4 31. Ke3 Bd7 32. Nd4 Bd8 33.
Bb5 Be6 34. Ba4 Bb6 35. Kd3 Bd7 36. Bb3 Be6 37. Bd1 a6 38. f4 Bd7 39. Bf3 Bd8
40. f5 Bf6 41. fxg6 fxg6 42. Ne2 Bb5+ 43. Ke3 Bxe2 44. Bxe2 Bg5+ 45. Kd4 Bf6+
46. Kd3 b6 47. g4 h4 1/2-1/2

[Event "FRA-chT2 0910"]
[Site "France"]
[Date "2010.01.24"]
[Round "7.8"]
[White "Mamah, Isabelle"]
[Black "Cassam Chenai, Eric"]
[Result "1-0"]
[WhiteElo "1759"]
[BlackElo "1940"]
[PlyCount "121"]
[EventDate "2009.09.27"]
[EventType "team"]
[EventRounds "11"]
[EventCountry "FRA"]
[SourceDate "2009.07.26"]

1. e4 d6 2. d4 Nf6 3. Nc3 e5 4. dxe5 dxe5 5. Qxd8+ Kxd8 6. Bg5 Bd6 7. Bc4 Be6
8. Bxe6 fxe6 9. O-O-O a6 10. Nf3 Nbd7 11. h3 Ke7 12. a3 b5 13. Nd2 h6 14. Bh4
g5 15. Bg3 Nh5 16. Ne2 Nf4 17. Bxf4 gxf4 18. g4 Bc5 19. Rdf1 Rad8 20. Ng1 Rhg8
21. Ngf3 Bd6 22. Kd1 Nb8 23. Ke2 Nc6 24. c3 a5 25. b4 Ra8 26. Ra1 Ra7 27. Nb3
axb4 28. axb4 Rga8 29. Rxa7 Rxa7 30. Ra1 Ra4 31. Ne1 Nb8 32. Nd3 Nd7 33. Nb2
Rxa1 34. Nxa1 c5 35. Nc2 Nb6 36. Nd3 Na4 37. Kd2 Kd7 38. bxc5 Nxc5 39. Nxc5+
Bxc5 40. f3 Be7 41. Ne1 b4 42. Nd3 bxc3+ 43. Kxc3 Kd6 44. Kc4 Bf6 45. Kb5 Bd8
46. Nc5 Bf6 47. Nb7+ Kc7 48. Na5 Be7 49. Nc4 Bf6 50. h4 Bxh4 51. Nxe5 Bf6 52.
Nf7 Bg5 53. e5 Kb7 54. Nd6+ Kc7 55. Ne4 Kd7 56. Nxg5 hxg5 57. Kb6 Kd8 58. Kc6
Ke7 59. Kc7 Ke8 60. Kd6 Kf7 61. Kd7 1-0

[Event "FRA-chT2 0910"]
[Site "France"]
[Date "2009.10.17"]
[Round "2.1"]
[White "Laurent, Bruno"]
[Black "Petitcunot, Pierre"]
[Result "1/2-1/2"]
[WhiteElo "2334"]
[BlackElo "2393"]
[PlyCount "23"]
[EventDate "2009.09.27"]
[EventType "team"]
[EventRounds "11"]
[EventCountry "FRA"]
[SourceDate "2009.07.26"]

1. e4 g6 2. d4 c6 3. Nc3 d5 4. Nf3 Bg7 5. h3 Nf6 6. Bd3 dxe4 7. Nxe4 Nxe4 8.
Bxe4 Qd6 9. O-O Nd7 10. Re1 c5 11. c3 cxd4 12. Nxd4 1/2-1/2

[Event "FRA-chT2 0910"]
[Site "France"]
[Date "2009.10.17"]
[Round "2.3"]
[White "Saiboulatov, Danial"]
[Black "Broutin, Philippe"]
[Result "1/2-1/2"]
[WhiteElo "2395"]
[BlackElo "2055"]
[PlyCount "35"]
[EventDate "2009.09.27"]
[EventType "team"]
[EventRounds "11"]
[EventCountry "FRA"]
[SourceDate "2009.07.26"]

1. e4 d5 2. exd5 Qxd5 3. Nc3 Qa5 4. d4 Nf6 5. Bc4 Bg4 6. f3 Bf5 7. Bd2 Qb6 8.
Nge2 e6 9. g4 Bg6 10. h4 h6 11. Nf4 Bh7 12. Qe2 Nc6 13. Na4 Qxd4 14. Be3 Qd6
15. Nc5 O-O-O 16. Nfxe6 fxe6 17. Bxe6+ Kb8 18. Qb5 1/2-1/2

[Event "FRA-chT2 0910"]
[Site "France"]
[Date "2009.10.17"]
[Round "2.4"]
[White "Rouze, Xavier"]
[Black "Andrieux, Pascal"]
[Result "0-1"]
[WhiteElo "2039"]
[BlackElo "2243"]
[PlyCount "38"]
[EventDate "2009.09.27"]
[EventType "team"]
[EventRounds "11"]
[EventCountry "FRA"]
[SourceDate "2009.07.26"]

1. Nf3 Nf6 2. b3 g6 3. Bb2 Bg7 4. e3 b6 5. c4 Bb7 6. Be2 O-O 7. d3 c5 8. Nbd2
Nc6 9. a3 d5 10. d4 cxd4 11. Nxd4 Nxd4 12. Bxd4 dxc4 13. O-O cxb3 14. Nxb3 Qd6
15. f4 Rfd8 16. Qb1 Nd5 17. Bxg7 Kxg7 18. Na5 bxa5 19. Qxb7 Rdb8 0-1

[Event "FRA-chT2 0910"]
[Site "France"]
[Date "2009.10.17"]
[Round "2.6"]
[White "Meriaux, Maxime"]
[Black "Stawiarski, Edmond"]
[Result "1/2-1/2"]
[WhiteElo "1730"]
[BlackElo "2137"]
[PlyCount "39"]
[EventDate "2009.09.27"]
[EventType "team"]
[EventRounds "11"]
[EventCountry "FRA"]
[SourceDate "2009.07.26"]

1. Nf3 Nf6 2. g3 g6 3. Bg2 Bg7 4. O-O O-O 5. c4 c5 6. Nc3 Nc6 7. e4 d6 8. d4
cxd4 9. Nxd4 Nxd4 10. Qxd4 Ng4 11. Qd3 Ne5 12. Qe2 Re8 13. b3 Bd7 14. Bb2 Rc8
15. Rfd1 Bg4 16. f3 Be6 17. Nd5 Bxd5 18. exd5 h5 19. Bd4 Nd7 20. Bxg7 1/2-1/2

[Event "FRA-chT2 0910"]
[Site "France"]
[Date "2009.10.17"]
[Round "2.3"]
[White "Mandon, Fabrice"]
[Black "Cappon, John"]
[Result "1/2-1/2"]
[WhiteElo "2239"]
[BlackElo "2224"]
[PlyCount "34"]
[EventDate "2009.09.27"]
[EventType "team"]
[EventRounds "11"]
[EventCountry "FRA"]
[SourceDate "2009.07.26"]

1. e4 c5 2. Nf3 e6 3. d4 cxd4 4. Nxd4 a6 5. Nc3 Qc7 6. Be2 b5 7. f4 Bb7 8. Bf3
Nf6 9. e5 b4 10. Na4 Nd5 11. O-O g6 12. Re1 Bg7 13. a3 O-O 14. axb4 Nxb4 15.
Bxb7 Qxb7 16. c3 Nd5 17. Nc5 Qa7 1/2-1/2

[Event "FRA-chT2 0910"]
[Site "France"]
[Date "2009.10.17"]
[Round "2.6"]
[White "Polard, Gaetan"]
[Black "Vaugeois, Cyrille"]
[Result "1-0"]
[WhiteElo "2223"]
[BlackElo "2198"]
[PlyCount "59"]
[EventDate "2009.09.27"]
[EventType "team"]
[EventRounds "11"]
[EventCountry "FRA"]
[SourceDate "2009.07.26"]

1. e4 c5 2. Nf3 e6 3. d4 cxd4 4. Nxd4 Nf6 5. Nc3 Qb6 6. e5 Bc5 7. Be3 Nd5 8.
Nxd5 exd5 9. Nb5 O-O 10. Bxc5 Qxc5 11. Qd4 Qxd4 12. Nxd4 Nc6 13. O-O-O d6 14.
exd6 Nxd4 15. Rxd4 Be6 16. g3 Rfd8 17. Bg2 Rxd6 18. Rhd1 Rad8 19. c4 Kf8 20. b3
Ke7 21. cxd5 Bf5 22. Kb2 Rc8 23. Rc4 Rxc4 24. bxc4 Rb6+ 25. Kc3 Ra6 26. c5 Ra5
27. Kc4 Ra4+ 28. Kb3 Ra5 29. Rc1 a6 30. a4 1-0

[Event "FRA-chT2 0910"]
[Site "France"]
[Date "2009.10.17"]
[Round "2.7"]
[White "Theon, Pierre"]
[Black "Bertrand, Eric"]
[Result "1/2-1/2"]
[WhiteElo "2101"]
[BlackElo "2043"]
[PlyCount "57"]
[EventDate "2009.09.27"]
[EventType "team"]
[EventRounds "11"]
[EventCountry "FRA"]
[SourceDate "2009.07.26"]

1. e4 c5 2. a3 g6 3. c3 Bg7 4. d4 cxd4 5. cxd4 d5 6. exd5 Nf6 7. Bb5+ Nbd7 8.
Nc3 O-O 9. Nf3 Nb6 10. O-O a6 11. Be2 Nbxd5 12. Ne5 b5 13. Bf3 Bb7 14. Re1 Rc8
15. Qb3 e6 16. Bg5 Rc7 17. Rac1 Qa8 18. Nxd5 Nxd5 19. Rxc7 Nxc7 20. Nd7 Re8 21.
Nf6+ Bxf6 22. Bxb7 Qxb7 23. Bxf6 Qd5 24. Qg3 Qf5 25. Qxc7 Qxf6 26. d5 Qe7 27.
Qxe7 Rxe7 28. dxe6 Rxe6 29. Rxe6 1/2-1/2

[Event "FRA-chT2 0910"]
[Site "France"]
[Date "2009.10.17"]
[Round "2.6"]
[White "Dal Borgo, Albin"]
[Black "Flament, Frederic"]
[Result "1/2-1/2"]
[WhiteElo "2164"]
[BlackElo "2124"]
[PlyCount "33"]
[EventDate "2009.09.27"]
[EventType "team"]
[EventRounds "11"]
[EventCountry "FRA"]
[SourceDate "2009.07.26"]

1. Nf3 Nf6 2. c4 e6 3. g3 b6 4. Bg2 Bb7 5. O-O d5 6. b3 c5 7. e3 Nc6 8. Bb2 Be7
9. Nc3 O-O 10. cxd5 exd5 11. d4 Ba6 12. Re1 c4 13. bxc4 Bxc4 14. Ne5 Na5 15.
Qf3 Rc8 16. g4 h6 17. h4 1/2-1/2